| 000 | 00562nam a22001817a 4500 | ||
|---|---|---|---|
| 005 | 20251108172742.0 | ||
| 008 | 250721s2000 xx 000 0 ara d | ||
| 082 | 1 | 4 | _a915.6/بيا |
| 100 | 1 |
_aبيات، فاضل _eمؤلف |
|
| 245 | 1 | 0 | _aرحلة سويلة مز اوغلي إلى بلاد الشام / |
| 264 | 1 |
_aعمان : _bجامعة آل البيت، _c2000. |
|
| 300 | _a223ص. | ||
| 650 | 1 | 7 | _aالرحلات الجغرافية |
| 650 | 1 | 7 | _aالبلدان العربية |
| 650 | 1 | 7 | _aتاريخ سورية |
| 942 |
_2ddc _cBK |
||
| 999 |
_c87578 _d87578 |
||